000 01085nam a22002657a 4500
001 6908
003 FISKH
005 20250828102507.0
008 250605b cb ||||| |||| 00| 0 eng d
020 _a708431211773
040 _aFISKH
_beng
_cFISKH
_dFISKH
050 _aPN6728.S75 R38
082 _a372.46
100 _aAnonymous
245 _aStar wars, the clone wars:
_bRescue in the sky /
260 _aOntario :
_bLeap Frog Enterprise,
_c2009.
300 _a25 pages :
_bcolor illustrations ;
_c24 cm
505 _aP
520 _aAnakin Skywalker must devise a plan to blow up General Grievous's ship without harming R2-D2, who was captured by the general. A Tag School Reading system title that aids in the development of memory and character analysis skills and introduces drawing conclusions and making predictions through a multisensory reading experience created when used in conjunction with Tag School Reader pen.
521 8 _a650
_bLexile estimate
521 8 _aP
_bRaz-Plus
650 _aStar Wars
_vTeacher
942 _2ddc
_cBK
_n0
999 _c6908
_d6908